Prognózovanie a plánovanie v poľnohospodárstve Materiály k cvičeniam

Salvato in:
Dettagli Bibliografici
Autore principale: Grznár, Miroslav
Ente Autore: Vysoká škola ekonomická v Bratislave. Fakulta ekonomiky a riadenia výrobných odvetví
Altri autori: Korená, Mária
Natura: Libro
Lingua:slovacco
Pubblicazione: Bratislava VŠE 1988
Edizione:1. vyd.
Tags: Aggiungi Tag
Nessun Tag, puoi essere il primo ad aggiungerne!!

MARC

LEADER 00000nam a2200000 4500
001 c030786
005 20230116121432.8
041 0 |a slo 
044 |a SK 
245 1 0 |a Prognózovanie a plánovanie v poľnohospodárstve  |b Materiály k cvičeniam  |c Miroslav Grznár, Mária Korená 
250 |a 1. vyd. 
264 1 |a Bratislava  |b VŠE  |c 1988 
300 |a 199 s. 
100 1 |a Grznár, Miroslav 
700 1 |a Korená, Mária 
710 2 |a Vysoká škola ekonomická v Bratislave. Fakulta ekonomiky a riadenia výrobných odvetví